Mass extinction events - Statistics

General Stats
  • This quiz has been taken 62 times
  • The average score is 4 of 5
Answer Stats
mya Event Loss % Correct
252 Permian–Triassic 90%
96%
201 Triassic–Jurassic 76%
85%
66 Cretaceous–Paleogene 75%
69%
372 Late Devonian 70%
65%
445 Late Ordovician 85%
62%
No matching quizzes found
Score Distribution
Percent of People with Each Score
Percentile by Number Answered
Your Score History
You have not taken this quiz